| 000 | 00466pab a2200169 454500 | ||
|---|---|---|---|
| 008 | 180718b2008 xxu||||| |||| 00| 0 eng d | ||
| 100 | _aNarayana, B. | ||
| 245 | _aThe income elasticity of public expenditure in Andhra Pradesh: an empirical exercise | ||
| 260 | _c2008 | ||
| 300 | _ap.48-58. | ||
| 362 | _aJul-Dec | ||
| 650 | _aPublic expenditure - India - Andhra Pradesh | ||
| 650 | _aPublic expenditure | ||
| 773 | _aAnvesak | ||
| 908 | _aN | ||
| 909 | _a81726 | ||
| 999 |
_c81726 _d81726 |
||